Queueing theory with applications to packet telecommunication / (Record no. 178691)
[ view plain ]
| 000 -LEADER | |
|---|---|
| fixed length control field | 01085 a2200217 4500 |
| 003 - CONTROL NUMBER IDENTIFIER | |
| control field | Nust |
| 005 - DATE AND TIME OF LATEST TRANSACTION | |
| control field | 20220815191126.0 |
| 010 ## - LIBRARY OF CONGRESS CONTROL NUMBER | |
| LC control number | 2004056523 |
| 020 ## - INTERNATIONAL STANDARD BOOK NUMBER | |
| International Standard Book Number | 0387228578 (alk. paper) |
| 040 ## - CATALOGING SOURCE | |
| Transcribing agency | Nust |
| 082 00 - DEWEY DECIMAL CLASSIFICATION NUMBER | |
| Classification number | 621.382,DAI |
| 100 1# - MAIN ENTRY--PERSONAL NAME | |
| Personal name | Daigle, John N. |
| 9 (RLIN) | 97338 |
| 245 10 - TITLE STATEMENT | |
| Title | Queueing theory with applications to packet telecommunication / |
| Statement of responsibility, etc. | John N. Daigle. |
| 260 ## - PUBLICATION, DISTRIBUTION, ETC. | |
| Place of publication, distribution, etc. | New York : |
| Name of publisher, distributor, etc. | Springer, |
| Date of publication, distribution, etc. | 2005. |
| 300 ## - PHYSICAL DESCRIPTION | |
| Extent | xxi, 316 p. : |
| Other physical details | ill. ; |
| Dimensions | 24 cm. |
| 505 ## - FORMATTED CONTENTS NOTE | |
| Formatted contents note | Terminology and Examples (Page-1), Review of Random Processes (Page-19), Elementary CTMC Based Queuing Models (Page-57), Advanced CTMC-Based Queuing Models (Page-107), The Basic M/G/1I Queuing System (Page-159),The M/G/I Queuing Systems with Priority (Page-225), Vector Markov Chains Analysis(Page-253), Closing Marks (Page-297). |
| 650 #0 - SUBJECT ADDED ENTRY--TOPICAL TERM | |
| Topical term or geographic name entry element | Telecommunication Engineering. |
| 856 42 - ELECTRONIC LOCATION AND ACCESS | |
| Materials specified | Publisher description |
| Uniform Resource Identifier | <a href="http://www.loc.gov/catdir/enhancements/fy0819/2004056523-d.html">http://www.loc.gov/catdir/enhancements/fy0819/2004056523-d.html</a> |
| 856 42 - ELECTRONIC LOCATION AND ACCESS | |
| Materials specified | Table of contents only |
| Uniform Resource Identifier | <a href="http://www.loc.gov/catdir/enhancements/fy0819/2004056523-t.html">http://www.loc.gov/catdir/enhancements/fy0819/2004056523-t.html</a> |
| 942 ## - ADDED ENTRY ELEMENTS (KOHA) | |
| Koha item type | Book |
| Source of classification or shelving scheme | |
| Call number prefix | 621.382,DAI |
| Withdrawn status | Lost status | Source of classification or shelving scheme | Damaged status | Not for loan | Permanent Location | Current Location | Shelving location | Date acquired | Full call number | Barcode | Date last seen | Price effective from | Koha item type | Public note |
|---|---|---|---|---|---|---|---|---|---|---|---|---|---|---|
| Military College of Signals (MCS) | Military College of Signals (MCS) | Reference | 12/12/2016 | 621.382,DAI | MCS32330 | 12/08/2016 | 12/12/2016 | Reference | Almirah No.21, Shelf No.6 |
